000 00404nam a2200145 4500
999 _c664
_d664
008 191111b ||||| |||| 00| 0 eng d
082 0 0 _a621.1
_bS6713
100 _970
_aSneeden, J.B.O.
245 1 0 _aElements of Steam Power Engineering
_cby J. B. O. Sneeden
250 _a1st ed.
260 _aLondon
_bLongmans Green & Co
_c1948
300 _aviii, 255 p.
650 0 _aSteam Power Plants
942 _2ddc
_cBK